Hướng dẫn làm bài tập vật lý 12
में बचाया:
| मुख्य लेखक: | |
|---|---|
| स्वरूप: | पुस्तक |
| भाषा: | Undetermined |
| प्रकाशित: |
H.
Giáo Dục
2002
|
| विषय: | |
| टैग : |
टैग जोड़ें
कोई टैग नहीं, इस रिकॉर्ड को टैग करने वाले पहले व्यक्ति बनें!
|
| Thư viện lưu trữ: | Trung tâm Học liệu Trường Đại học Cần Thơ |
|---|
| LEADER | 00536nam a2200169Ia 4500 | ||
|---|---|---|---|
| 001 | CTU_50544 | ||
| 008 | 210402s9999 xx 000 0 und d | ||
| 082 | |a 530.076 | ||
| 082 | |b B103 | ||
| 100 | |a DƯƠNG TRỌNG BÁI | ||
| 245 | 0 | |a Hướng dẫn làm bài tập vật lý 12 | |
| 245 | 0 | |c Dương Trọng Bái, Vũ Quang và Đoàn Duy Hinh | |
| 260 | |a H. | ||
| 260 | |b Giáo Dục | ||
| 260 | |c 2002 | ||
| 650 | |a physics - problems, exercises, etc. | ||
| 980 | |a Trung tâm Học liệu Trường Đại học Cần Thơ | ||